Modely rizika založené na kapitálovej štruktúre podniku

Problematika merania a kvantifikácie kreditného rizika.

Uložené v:
Podrobná bibliografia
Hlavný autor: Klieštik, Tomáš
Médium: Kapitola
Jazyk:Slovak
Predmet:
Tagy: Pridať tag
Žiadne tagy, Buďte prvý, kto otaguje tento záznam!

MARC

LEADER 00000naa a2200000 4500
001 0177106
005 20220715093746.9
041 0 |a slo 
044 |a SK 
245 1 0 |a Modely rizika založené na kapitálovej štruktúre podniku  |c Tomáš Klieštik 
520 |a Problematika merania a kvantifikácie kreditného rizika. 
610 2 0 |a štruktúra kapitálová 
610 2 0 |a podnik 
610 2 0 |a riziko 
610 2 0 |a modely ekonomicko-matematické 
100 1 |a Klieštik, Tomáš